Inteligencia artificial

Bibliographic Details
Main Author: Rich, Elaine
Format: Section = Libro
Language:Undetermined
Spanish
Published: España McGraw-Hill 1996
Edition:2a.ed.
Subjects:
LEADER 00516nam a2200205Ia 4500
008 241007s9999||||xx |||||||||||||| ||und||
020 |a 84-481-1858-8 
040 |a BIBLIOTECA-RURC/ 006.3 R498 
041 |a spa 
082 |a 006.3 R498 
100 1 |a Rich, Elaine 
245 1 0 |a Inteligencia artificial 
250 |a 2a.ed. 
260 |a España  |b McGraw-Hill  |c 1996 
300 |a 703 p. :il. 
650 7 |a INTELIGENCIA ARTIFICIAL 
650 7 |b  COMPUTACION. Knight, Kevin 
942 |c BK  |2 ddc 
991 |a TEXTO 
999 |c 14240